00667 2200217 4500001002100000005001500021020002200036035002400058040001200082082001700094084002100111090002100132100002600153245011700179250001700296260003500313300003200348500003200380650001600412990002100428YOGYA00000000009893720140823123146 a978-979-756-864-1 0010-021400000000448 aYOPDYOG 2[22]a302.23 aDEP 302.23 Ded M aDEP 302.23 Ded M aDedi Kurnia Syahputra aMedia dan Politik:menemukan relasi antara dimensi simbiosis-Mutualisme media dan politikb/Dedi Kurnia Syahputra aEd.1;bcet.1 aYogyakarta:bGraha Ilmu,c2012 axii,197 hlm.;bilus.;c23cm aBibiliografi : hlm. 193-197 aMedia massa aCB-D.112012-1645